Тиристорный электропривод с исполнительным двигателем последовательного возбуждения. Полупроводниковые выходные каскады

書誌詳細
第一著者: Климов В. П. Валерий Павлович
言語:ロシア語
出版事項: Москва, Энергия, 1972
主題:
フォーマット: MixedMaterials 図書
KOHA link:https://koha.lib.tpu.ru/cgi-bin/koha/opac-detail.pl?biblionumber=303215

MARC

LEADER 00000nam0a2200000 4500
001 303215
005 20231102001600.0
035 |a (RuTPU)RU\TPU\book\328436 
090 |a 303215 
100 |a 20150901d1972 k y0rusy50 ca 
101 0 |a rus 
102 |a RU 
105 |a a z 001zy 
200 1 |a Тиристорный электропривод с исполнительным двигателем последовательного возбуждения. Полупроводниковые выходные каскады  |f В. П. Климов 
210 |a Москва  |c Энергия  |d 1972 
215 |a 87 с.  |c черт. 
320 |a Библиогр.: с. 84-86. 
606 1 |a Электроприводы автоматические  |2 stltpush  |3 (RuTPU)RU\TPU\subj\20698  |9 45784 
606 1 |a Тиристоры  |2 stltpush  |3 (RuTPU)RU\TPU\subj\60625  |9 77864 
610 1 |a полупроводниковые усилители 
610 1 |a выходные каскады 
610 1 |a электромагнитные процессы 
610 1 |a переходные процессы 
610 1 |a схемы 
675 |a 62-83-52  |v 3 
675 |a 621.314.632  |v 3 
700 1 |a Климов  |b В. П.  |g Валерий Павлович 
801 1 |a RU  |b 63413507  |c 20150901 
801 2 |a RU  |b 63413507  |c 20150921  |g RCR 
942 |c BK